Statistics for 2 Mountains To A Country

Click here to take the quiz!

General Stats

  • This quiz has been taken 5 times
  • The average score is 11 of 30

Answer Stats

HintAnswer% Correct
VesuviusItaly
100%
ErciyesTurkey
100%
WarningAustralia
80%
TakaoJapan
80%
EigerSwitzerland
80%
WatzmannGermany
60%
GaltymoreIreland
60%
NuptseNepal
60%
UlrikenNorway
60%
KorabAlbania
40%
VistofteDenmark
40%
GieddeoaivveFinland
40%
Aiguille VerteFrance
40%
KeilirIceland
40%
NuangMalaysia
40%
CristalBrazil
20%
HubbardCanada
20%
KinangopKenya
20%
AgelMonaco
20%
HoverbergetSweden
20%
Aonach BeagUK
20%
AlverstoneUSA
20%
NamitowaZambia
20%
Tarso VoonChad
0%
BwahitEthiopia
0%
AlmolongaGuatemala
0%
KametIndia
0%
Ez ZnanirLebanon
0%
MiranjaniPakistan
0%
ThowrSaudi Arabia
0%

Score Distribution

Percentile by Number Answered

Percent of People with Each Score

Your Score History

You have not taken this quiz